| 000 | 01284cad a22002295a 4500 | ||
|---|---|---|---|
| 001 | L151909 | ||
| 008 | 101222e20101222xxkad f s 000 0 eng u | ||
| 035 | _a(Sirsi) u151909 | ||
| 041 | 0 | _aeng | |
| 050 | 0 | 4 | _a333.33 $2 18 |
| 110 | 1 |
_aRoyal Institution of Chartered Surveyors _bEconomics _95033 |
|
| 245 | 0 | 0 |
_aUK housing market _b another year of subdued activity _h[electronic resource] |
| 260 |
_aLondon _bRICS _c2010 |
||
| 490 | 0 |
_aRICS Economics _v22 December 2010 |
|
| 520 | _aHouse prices predicted to fall slightly in 2011. The lack of supply in the market is likely to prevent significant house price declines in 2011. The narrowing gap between supply and demand will see the gentle downward trend in prices currently taking place at least partly reversed as the year wears on. Transactions levels will remain flat as mortgage lending remains subdued for another year with many first-time buyers struggling to meet their aspirations of home ownership. | ||
| 590 | _aKA | ||
| 650 | 2 | 4 | _aRICS UK HOUSING MARKET FORECAST |
| 651 | 4 |
_aUnited Kingdom _y |
|
| 690 | _aPROPERTY-RESIDENTIAL PROPERTY-RESIDENTIAL PROPERTY MARKET | ||
| 856 | 4 | 0 |
_uhttps://www.rics.org/site/download_feed.aspx?fileID=8456&fileExtension=PDF _zView the item free of charge at www.rics.org |
| 942 | _n0 | ||
| 999 |
_c111725 _d111725 |
||